[Event "Landesklasse Ost 2012/2013"]
[Site "?"]
[Date "2012.09.23"]
[Round "1"]
[White "Puschendorf, Steffen"]
[Black "Bunke, Wilfried"]
[Result "0-1"]
[WhiteElo "2105"]
[BlackElo "1944"]
[PlyCount "90"]
[EventDate "2012.??.??"]
[WhiteTeam "ESV Gera"]
[BlackTeam "SV Schott Jena"]

1. d4 Nf6 2. c4 e6 3. g3 d5 4. Nf3 Be7 5. Bg2 O-O 6. Qc2 c6 7. O-O b6 8. Nbd2
Bb7 9. e4 Nbd7 10. cxd5 cxd5 11. e5 Ne4 12. Nxe4 dxe4 13. Nd2 Rc8 14. Qa4 f5
15. exf6 Nxf6 16. Re1 Bc6 17. Qb3 Bd5 18. Qd1 e3 19. fxe3 Bxg2 20. Kxg2 Qd5+
21. Qf3 Rc2 22. Kg1 Bb4 23. Qxd5 exd5 24. Rd1 Ng4 25. Nf1 Rff2 26. a3 Rg2+ 27.
Kh1 Nxh2 28. Nd2 Bxd2 29. Kxg2 Bxc1+ 30. Kh3 Bxe3 31. Rd3 Re2 32. Rh1 Nf3 33.
Kg4 Nd2 34. Rh5 g6 35. Rxd5 h5+ 36. Kh3 Bg1 37. g4 hxg4+ 38. Kxg4 Rg2+ 39. Rg3
Rxg3+ 40. Kxg3 Nc4 41. Kf4 Kf7 42. b3 Nxa3 43. Rd7+ Ke6 44. Rxa7 Nb5 45. Ke4
Nxa7 0-1

[Event "Landesklasse Ost 2012/2013"]
[Site "?"]
[Date "2012.09.23"]
[Round "1"]
[White "Schmidt, Frank"]
[Black "Seifert, Michael"]
[Result "1/2-1/2"]
[WhiteElo "1937"]
[BlackElo "1724"]
[PlyCount "77"]
[EventDate "2012.??.??"]
[WhiteTeam "ESV Gera"]
[BlackTeam "SV Schott Jena"]

1. d4 Nf6 2. Nf3 g6 3. c4 Bg7 4. Nc3 d6 5. e4 O-O 6. h3 Nbd7 7. Bg5 h6 8. Be3
e5 9. d5 Ne8 10. g4 Qe7 11. Rg1 a5 12. a3 Nc5 13. Nd2 b6 14. b4 axb4 15. axb4
Rxa1 16. Qxa1 Nd7 17. Qa7 Kh7 18. Nb5 Qd8 19. Bd3 Ndf6 20. Qa8 Ng8 21. f3 Bf6
22. Ke2 Bd7 23. Qxd8 Bxd8 24. Nc3 h5 25. Ra1 Be7 26. Nb3 hxg4 27. hxg4 f5 28.
gxf5 gxf5 29. Ra7 fxe4 30. Nxe4 Bf5 31. Nbd2 Kg6 32. Ra1 Ng7 33. Ra7 Ne8 34.
Bc2 Bd8 35. Ra8 Nef6 36. Bd3 Nxe4 37. Bxe4 Nf6 38. Ra1 Nxe4 39. Nxe4 1/2-1/2

[Event "Landesklasse Ost 2012/2013"]
[Site "?"]
[Date "2012.09.23"]
[Round "1"]
[White "Schlachetka, Werner"]
[Black "Hilbig, Dieter"]
[Result "1/2-1/2"]
[WhiteElo "1904"]
[BlackElo "1870"]
[PlyCount "80"]
[EventDate "2012.??.??"]
[WhiteTeam "SV Schott Jena"]
[BlackTeam "ESV Gera"]

1. d3 d5 2. g3 Nf6 3. Bg2 g6 4. Nd2 Bg7 5. Nh3 O-O 6. O-O c6 7. c3 Nbd7 8. f3
Re8 9. Nf2 Nb6 10. e4 e5 11. Qc2 Nh5 12. a4 Be6 13. a5 Nd7 14. Nb3 c5 15. exd5
Bxd5 16. Ne4 Qc7 17. c4 Be6 18. Be3 b6 19. Ng5 Rad8 20. axb6 axb6 21. Nxe6 Rxe6
22. Ra4 Nb8 23. Rfa1 Nc6 24. Nc1 Red6 25. Qe2 R6d7 26. R1a3 Nb4 27. Bd2 Nc2 28.
Ra2 Nd4 29. Qf1 f5 30. R2a3 Nf6 31. Bg5 h6 32. Bxf6 Bxf6 33. Qd1 Bg5 34. Ne2
Qd6 35. Nc3 Nc6 36. Nd5 Ne7 37. Nxe7+ Bxe7 38. Qe2 Qd4+ 39. Kh1 Bg5 40. Bf1 h5
1/2-1/2

[Event "Landesklasse Ost 2012/2013"]
[Site "?"]
[Date "2012.09.23"]
[Round "1"]
[White "Kupper, Matthias"]
[Black "Mauch, Johannes"]
[Result "1-0"]
[WhiteElo "1772"]
[BlackElo "1576"]
[PlyCount "95"]
[EventDate "2012.??.??"]
[WhiteTeam "ESV Gera"]
[BlackTeam "SV Schott Jena"]

1. e4 e6 2. d4 d5 3. Nd2 Nf6 4. e5 Nfd7 5. Ne2 c5 6. c3 Nc6 7. Nf3 Qb6 8. g3
Be7 9. Bg2 f6 10. exf6 Nxf6 11. O-O O-O 12. b3 Bd6 13. Bf4 Qc7 14. Rc1 Bxf4 15.
Nxf4 e5 16. dxe5 Nxe5 17. Nxe5 Qxe5 18. Bxd5+ Nxd5 19. Qxd5+ Qxd5 20. Nxd5 Be6
21. Nc7 Bh3 22. Nxa8 Bxf1 23. Kxf1 Rxa8 24. Rd1 b6 25. Rd7 Kf8 26. c4 h6 27. f4
g6 28. g4 Kg8 29. Kf2 Rf8 30. Kf3 Re8 31. Rxa7 Re1 32. h3 Rh1 33. Kg2 Rb1 34.
Ra6 Kf7 35. Rxb6 Rb2+ 36. Kg3 Rxa2 37. h4 Rd2 38. h5 gxh5 39. gxh5 Rd3+ 40. Kg4
Kg7 41. Kf5 Rd7 42. Rg6+ Kh7 43. Rc6 Rf7+ 44. Ke5 Rb7 45. Rxc5 Rxb3 46. Rc7+
Kg8 47. c5 Rh3 48. Kf6 1-0

[Event "Landesklasse Ost 2012/2013"]
[Site "?"]
[Date "2012.09.23"]
[Round "1"]
[White "Saran, Bajar"]
[Black "Küffner, Rolf"]
[Result "0-1"]
[WhiteElo "1872"]
[BlackElo "1839"]
[PlyCount "84"]
[EventDate "2012.??.??"]
[WhiteTeam "SV Schott Jena"]
[BlackTeam "ESV Gera"]

1. e4 c5 2. Nf3 e6 3. d4 cxd4 4. Nxd4 Nf6 5. Nc3 Bb4 6. Qd3 Nc6 7. Bd2 O-O 8.
f4 Qb6 9. Nxc6 Qxc6 10. e5 Bxc3 11. Bxc3 Ne4 12. Bb4 Rd8 13. Be2 f5 14. exf6
Nxf6 15. Bf3 d5 16. Qc3 Qxc3+ 17. Bxc3 b6 18. O-O-O Bb7 19. Rhe1 Kf7 20. Re2
Rac8 21. Rde1 Ne4 22. Be5 Rc5 23. g4 Ba6 24. Re3 Nf2 25. Kb1 d4 26. Ra3 d3 27.
cxd3 Nxd3 28. Rd1 Rdc8 29. Bc3 Bb5 30. Rxa7+ R5c7 31. Rxc7+ Rxc7 32. f5 Nc5 33.
fxe6+ Ke7 34. Bb4 Kxe6 35. Bd5+ Kf6 36. Bc3+ Kg5 37. Bf3 Kf4 38. Bh1 Kxg4 39.
Rg1+ Kh3 40. Be5 Bd3+ 41. Kc1 Nb3+ 42. Kd1 Rc1# 0-1

[Event "Landesklasse Ost 2012/2013"]
[Site "?"]
[Date "2012.09.23"]
[Round "1"]
[White "Stark, Volker"]
[Black "Werner, Martin"]
[Result "1/2-1/2"]
[WhiteElo "1683"]
[BlackElo "1433"]
[PlyCount "27"]
[EventDate "2012.??.??"]
[WhiteTeam "ESV Gera"]
[BlackTeam "SV Schott Jena"]

1. c4 Nf6 2. Nc3 g6 3. g3 Bg7 4. Bg2 O-O 5. e4 d6 6. Nge2 e5 7. O-O Nbd7 8. d3
c5 9. Rb1 a6 10. h3 h6 11. Be3 Nb8 12. Qd2 Kh7 13. g4 Ne8 14. Ng3 1/2-1/2

[Event "Landesklasse Ost 2012/2013"]
[Site "?"]
[Date "2012.09.23"]
[Round "1"]
[White "Schmidt, Uwe"]
[Black "Troyke, Christian"]
[Result "0-1"]
[WhiteElo "1942"]
[BlackElo "2280"]
[PlyCount "56"]
[EventDate "2012.??.??"]
[WhiteTeam "SV Medizin Erfurt"]
[BlackTeam "Erfurter Schachklub"]

1. Nc3 g6 2. g3 Bg7 3. Bg2 c5 4. d3 Nc6 5. e4 e6 6. f4 Nge7 7. Nf3 d5 8. e5 Nf5
9. g4 Nh4 10. O-O Nxg2 11. Kxg2 f6 12. exf6 Bxf6 13. Ne2 O-O 14. Ng3 Bd7 15. c3
Qb6 16. h4 Rae8 17. h5 e5 18. f5 gxf5 19. gxf5 Kh8 20. Kh3 Rg8 21. Nh4 Bxh4 22.
Kxh4 Qd8+ 23. Kh3 Qf6 24. Qd2 Rxg3+ 25. Kxg3 Rg8+ 26. Kf3 e4+ 27. dxe4 Ne5+ 28.
Ke2 Bb5+ 0-1

[Event "Landesklasse Ost 2012/2013"]
[Site "?"]
[Date "2012.09.23"]
[Round "1"]
[White "Sunderbrink, Heino"]
[Black "Brüggemann, Joachim"]
[Result "0-1"]
[WhiteElo "1947"]
[BlackElo "2293"]
[PlyCount "86"]
[EventDate "2012.??.??"]
[WhiteTeam "SV Medizin Erfurt"]
[BlackTeam "Erfurter Schachklub"]

1. Nf3 Nf6 2. g3 b5 3. Bg2 Bb7 4. O-O d6 5. d4 Nbd7 6. b3 c5 7. Bb2 Qb6 8. Nbd2
e6 9. c4 b4 10. Qc2 Be7 11. e4 cxd4 12. Nxd4 O-O 13. Rfe1 a5 14. Ne2 e5 15. Nc1
Bc6 16. Nd3 Qb7 17. Qd1 Rfe8 18. Qe2 Bd8 19. Nf1 Bb6 20. Kh1 Nc5 21. Nxc5 Bxc5
22. f3 a4 23. Ne3 Qb6 24. Bh3 a3 25. Bc1 Bd4 26. Rb1 Nxe4 27. fxe4 Bxe4+ 28.
Bg2 Bxb1 29. Bxa8 Rxa8 30. Nd5 Qb8 31. Bg5 Bg6 32. Bd2 Bc5 33. h4 Ra7 34. h5
Bf5 35. h6 Qc8 36. hxg7 Be4+ 37. Kh2 Bxd5 38. cxd5 f5 39. Bh6 Qe8 40. Kg2 Qg6
41. Rh1 f4 42. Rh3 Rf7 43. Kh2 fxg3+ 0-1

[Event "Landesklasse Ost 2012/2013"]
[Site "?"]
[Date "2012.09.23"]
[Round "1"]
[White "Streltsyn, Grygoriy"]
[Black "Rost, Detlef"]
[Result "1-0"]
[WhiteElo "2110"]
[BlackElo "1865"]
[PlyCount "57"]
[EventDate "2012.??.??"]
[WhiteTeam "Erfurter Schachklub"]
[BlackTeam "SV Medizin Erfurt"]

1. Nf3 d5 2. g3 Nf6 3. Bg2 b6 4. c4 e6 5. O-O Bb7 6. cxd5 exd5 7. d4 Nbd7 8.
Nc3 Be7 9. a4 O-O 10. a5 bxa5 11. Rxa5 c5 12. Ra1 Ne4 13. dxc5 Ndxc5 14. Be3 a6
15. Bd4 Ne6 16. Be5 f6 17. Nd4 N6c5 18. Bf4 Qd7 19. Na4 Nxa4 20. Qxa4 Qxa4 21.
Rxa4 g5 22. Be3 Nc5 23. Rb4 Rab8 24. Nf5 d4 25. Bxd4 Bxg2 26. Rxb8 Rxb8 27.
Nxe7+ Kf7 28. Kxg2 Ne6 29. Nf5 1-0

[Event "Landesklasse Ost 2012/2013"]
[Site "?"]
[Date "2012.09.23"]
[Round "1"]
[White "Nguyen, Huy Dat"]
[Black "Troyke, Doreen"]
[Result "0-1"]
[WhiteElo "1662"]
[BlackElo "2025"]
[PlyCount "84"]
[EventDate "2012.??.??"]
[WhiteTeam "SV Medizin Erfurt"]
[BlackTeam "Erfurter Schachklub"]

1. d4 d5 2. Nf3 Nf6 3. c4 c6 4. g3 Bf5 5. Bg2 e6 6. O-O Nbd7 7. Qb3 Qb6 8. Nc3
Be7 9. Qa4 O-O 10. c5 Qd8 11. b4 Ne4 12. Bb2 a6 13. Qb3 Bf6 14. Nxe4 Bxe4 15.
Rad1 Qc7 16. Bh3 Rfe8 17. Nd2 Bg6 18. f4 b6 19. Bc3 bxc5 20. bxc5 a5 21. Nf3
Reb8 22. Qa3 Rb5 23. Ne5 Nxe5 24. fxe5 Bg5 25. Bd2 Qe7 26. Qc1 Bxd2 27. Qxd2
Rab8 28. Bg4 h6 29. Rde1 Qa7 30. Qf4 Rb2 31. a3 R2b3 32. Rf3 a4 33. Ref1 Qa5
34. h4 h5 35. Bh3 Rxf3 36. Qxf3 Qd2 37. Qf2 Rb2 38. Re1 Ra2 39. g4 Rxa3 40.
gxh5 Bxh5 41. Bxe6 fxe6 42. Rf1 Qe3 0-1

[Event "Landesklasse Ost 2012/2013"]
[Site "?"]
[Date "2012.09.23"]
[Round "1"]
[White "Schneider, Thomas"]
[Black "Kube, Hannelore"]
[Result "1-0"]
[WhiteElo "1864"]
[BlackElo "1798"]
[PlyCount "49"]
[EventDate "2012.??.??"]
[WhiteTeam "Erfurter Schachklub"]
[BlackTeam "SV Medizin Erfurt"]

1. d4 d5 2. Nf3 e6 3. c4 c6 4. Nc3 f5 5. g3 Nf6 6. Bf4 Be7 7. Bg2 O-O 8. O-O
Qe8 9. Rb1 Nh5 10. Bxb8 Rxb8 11. c5 b6 12. b4 bxc5 13. bxc5 Rxb1 14. Qxb1 f4
15. Qb8 fxg3 16. hxg3 Bf6 17. g4 e5 18. dxe5 Be7 19. gxh5 Qxh5 20. Qc7 Bxc5 21.
Qxc6 Bb6 22. Nxd5 Ba6 23. Qc2 Bd8 24. Rb1 Bh4 25. Qe4 1-0

[Event "Landesklasse Ost 2012/2013"]
[Site "?"]
[Date "2012.09.23"]
[Round "1"]
[White "Knorre, Jonas"]
[Black "Fischer, Dieter"]
[Result "0-1"]
[WhiteElo "1622"]
[BlackElo "1941"]
[PlyCount "68"]
[EventDate "2012.??.??"]
[WhiteTeam "SV Medizin Erfurt"]
[BlackTeam "Erfurter Schachklub"]

1. e4 d5 2. exd5 Nf6 3. Nc3 Nxd5 4. d4 Nxc3 5. bxc3 g6 6. Nf3 Bg7 7. Bc4 O-O 8.
O-O Nc6 9. Re1 a6 10. a4 h6 11. Ba3 Re8 12. Nh4 e6 13. Nf3 b6 14. Qe2 Bb7 15.
Rad1 Na5 16. Ba2 Qd7 17. c4 Qxa4 18. Qd3 Rad8 19. d5 e5 20. Rb1 Bc8 21. Rb4 Qd7
22. Rbb1 Qf5 23. Qd2 Qg4 24. Qe2 e4 25. Nd2 Qxe2 26. Rxe2 f5 27. d6 Bc3 28. Nf1
Be6 29. dxc7 Rc8 30. Rxb6 Rxc7 31. Rxa6 Rc6 32. Rxc6 Nxc6 33. Re3 Bd4 34. Re1
Ra8 0-1

[Event "Landesklasse Ost 2012/2013"]
[Site "?"]
[Date "2012.09.23"]
[Round "1"]
[White "August, Christian"]
[Black "Stumm, Rainer"]
[Result "1-0"]
[WhiteElo "1946"]
[BlackElo "1632"]
[PlyCount "43"]
[EventDate "2012.??.??"]
[WhiteTeam "Erfurter Schachklub"]
[BlackTeam "SV Medizin Erfurt"]

1. Nf3 d5 2. g3 c5 3. Bg2 Nc6 4. d4 Bg4 5. c3 e6 6. O-O Nf6 7. h3 Bf5 8. Nh4
Bg6 9. Nxg6 hxg6 10. Be3 Qb6 11. Qb3 Qxb3 12. axb3 cxd4 13. cxd4 Bd6 14. Nc3
Kd7 15. Ra4 Ne4 16. Nxe4 dxe4 17. Bxe4 Rxh3 18. d5 exd5 19. Bxd5 f5 20. Bg2 Rh7
21. Rd1 Ke7 22. Bg5+ 1-0

[Event "Landesklasse Ost 2012/2013"]
[Site "?"]
[Date "2012.09.23"]
[Round "1"]
[White "Fuchs, Antje"]
[Black "Wilmar, Andre"]
[Result "0-1"]
[WhiteElo "2034"]
[BlackElo "1904"]
[PlyCount "138"]
[EventDate "2012.??.??"]
[WhiteTeam "TSV Zeulenroda"]
[BlackTeam "Meuselwitzer SV"]

1. e4 c5 2. Nc3 e6 3. g3 Nc6 4. Bg2 Nf6 5. f4 d5 6. e5 Nd7 7. Nf3 Be7 8. O-O
O-O 9. Kh1 Rb8 10. d4 b5 11. Ne2 b4 12. dxc5 Bxc5 13. Ned4 Nxd4 14. Nxd4 Qc7
15. Be3 Ba6 16. Re1 Rbc8 17. Rc1 Qb8 18. f5 Rfe8 19. fxe6 fxe6 20. Bf4 Bxd4 21.
Qxd4 Qb6 22. Qd2 Kh8 23. Be3 Qb7 24. Bd4 Rc7 25. g4 Nb8 26. g5 Nc6 27. Bf2 Ne7
28. Re3 Bc4 29. Rh3 Ng6 30. Re1 a5 31. Bd4 Rf8 32. Qd1 Nf4 33. Rh4 Nxg2 34.
Kxg2 g6 35. Qg4 Rf5 36. Re3 Bxa2 37. c3 Qb5 38. Rf3 Qe2+ 39. Rf2 Rxf2+ 40. Bxf2
Qxg4+ 41. Rxg4 bxc3 42. bxc3 Rc4 43. Rxc4 Bxc4 44. Bc5 Kg7 45. Kf3 Kf7 46. Ke3
Ke8 47. Kd2 Kd7 48. Kc2 Kc6 49. Bd4 Kb5 50. Be3 Be2 51. Kd2 Bf3 52. Kd3 Bg2 53.
Bc1 Bf1+ 54. Kc2 Kc4 55. Ba3 Bd3+ 56. Kb2 Be4 57. Be7 Kd3 58. Kb3 a4+ 59. Kxa4
Kxc3 60. Kb5 Kd4 61. Kc6 Kxe5 62. Bf6+ Kf4 63. Kd6 Bf5 64. Bd8 d4 65. Ba5 Kxg5
66. Ke5 d3 67. Bd2+ Kg4 68. Bf4 Kf3 69. h4 h5 0-1

[Event "Landesklasse Ost 2012/2013"]
[Site "?"]
[Date "2012.09.23"]
[Round "1"]
[White "Eicke, Andreas"]
[Black "Barth, Christian"]
[Result "1-0"]
[WhiteElo "1814"]
[BlackElo "1859"]
[PlyCount "121"]
[EventDate "2012.??.??"]
[WhiteTeam "Meuselwitzer SV"]
[BlackTeam "TSV Zeulenroda"]

1. Nf3 d5 2. d4 Nf6 3. c4 c6 4. e3 Bg4 5. Nbd2 Nbd7 6. Be2 e6 7. O-O c5 8. cxd5
Nxd5 9. Nb3 cxd4 10. Qxd4 Bh5 11. Rd1 Qb6 12. Qa4 Qb4 13. Bb5 Qxa4 14. Bxa4
N5b6 15. Bb5 a6 16. Be2 Be7 17. Bd2 O-O 18. Rac1 Rfc8 19. Na5 Nd5 20. a3 b6 21.
Nc6 Bf6 22. e4 Nc7 23. Bc3 Nb8 24. Bxf6 Nxc6 25. Rxc6 gxf6 26. Rdc1 Ra7 27.
Rxb6 Rd8 28. Rbc6 Rd7 29. Kf1 Kg7 30. b4 Bg6 31. e5 Nb5 32. a4 Nd4 33. Nxd4
Rxd4 34. Rxa6 Rxa6 35. Bxa6 fxe5 36. Ra1 Rxb4 37. a5 Be4 38. Be2 Rb7 39. a6 Ra7
40. f3 Bd5 41. Kf2 Kf6 42. Ke3 Ke7 43. Bd3 h6 44. Be4 Bc4 45. Bb7 Kd6 46. g4 f6
47. h4 Bb5 48. Ke4 Be2 49. Ra2 Bc4 50. Ra3 Kc5 51. Rc3 Kb4 52. Rxc4+ Kxc4 53.
g5 fxg5 54. h5 Kc3 55. Kxe5 Kd3 56. Kxe6 Ke3 57. Kf6 Rxa6+ 58. Bxa6 Kxf3 59.
Kg6 g4 60. Kxh6 g3 61. Bb7+ 1-0

[Event "Landesklasse Ost 2012/2013"]
[Site "?"]
[Date "2012.09.23"]
[Round "1"]
[White "Wolfram, Thomas"]
[Black "Kühne, Niklas"]
[Result "1-0"]
[WhiteElo "1728"]
[BlackElo "1752"]
[PlyCount "57"]
[EventDate "2012.??.??"]
[WhiteTeam "TSV Zeulenroda"]
[BlackTeam "Meuselwitzer SV"]

1. d4 d5 2. e3 e6 3. Bd3 Nf6 4. Nd2 Be7 5. f4 O-O 6. Nh3 c5 7. c3 Nc6 8. O-O h5
9. Nf2 Qc7 10. Nf3 Bd6 11. Ne5 Ne7 12. g4 hxg4 13. Nfxg4 Nxg4 14. Qxg4 Nf5 15.
Rf3 c4 16. Bc2 Nh6 17. Qh5 f5 18. Rg3 Bxe5 19. fxe5 Kh8 20. Bd2 Qf7 21. Qh3 Bd7
22. Kh1 Kh7 23. Rag1 Rg8 24. Bd1 Be8 25. e4 f4 26. Rg4 Bc6 27. Rxf4 Qe7 28. Rh4
Qf8 29. Rf1 1-0

[Event "Landesklasse Ost 2012/2013"]
[Site "?"]
[Date "2012.09.23"]
[Round "1"]
[White "Schmidt, Jörg"]
[Black "Riemer, Marion"]
[Result "1-0"]
[WhiteElo "1763"]
[BlackElo "1743"]
[PlyCount "63"]
[EventDate "2012.??.??"]
[WhiteTeam "Meuselwitzer SV"]
[BlackTeam "TSV Zeulenroda"]

1. e4 d5 2. exd5 Nf6 3. d4 Nxd5 4. c4 Nf6 5. Nc3 g6 6. Be2 Bg7 7. Bf3 c6 8. h3
O-O 9. Nge2 Nbd7 10. Bf4 Re8 11. O-O Qa5 12. a3 e5 13. b4 Qa6 14. b5 cxb5 15.
dxe5 Nxe5 16. Bxe5 Rxe5 17. Nxb5 Ne8 18. Ned4 Qf6 19. Rc1 a6 20. Nc3 Rg5 21.
Ne4 Rxg2+ 22. Bxg2 Qxd4 23. Qxd4 Bxd4 24. Rcd1 Bb6 25. c5 Ba5 26. Nd6 Nf6 27.
Nxb7 Bc7 28. Nd8 Rb8 29. Nc6 Bxh3 30. Nxb8 Bxg2 31. Kxg2 a5 32. Na6 1-0

[Event "Landesklasse Ost 2012/2013"]
[Site "?"]
[Date "2012.09.23"]
[Round "1"]
[White "Prütting, Kerstin"]
[Black "Schmidt, Jens"]
[Result "1-0"]
[WhiteElo "1585"]
[BlackElo "1756"]
[PlyCount "103"]
[EventDate "2012.??.??"]
[WhiteTeam "TSV Zeulenroda"]
[BlackTeam "Meuselwitzer SV"]

1. e4 c5 2. Nf3 d6 3. d4 cxd4 4. Nxd4 Nf6 5. Nc3 g6 6. Be3 Bg7 7. f3 O-O 8. Bc4
Nc6 9. Qd2 Bd7 10. O-O-O Rc8 11. Bb3 Ne5 12. h4 h5 13. Bh6 Nc4 14. Bxc4 Rxc4
15. Bxg7 Kxg7 16. Qe2 Rc5 17. Nb3 Rc8 18. e5 dxe5 19. Qxe5 Qc7 20. Qxe7 Qf4+
21. Kb1 Rfe8 22. Qd6 Qf5 23. Qd4 a6 24. Rhe1 Bc6 25. Rxe8 Rxe8 26. a3 Qe5 27.
Qxe5 Rxe5 28. Nd4 Bd7 29. Nde2 Bc6 30. Nf4 Rf5 31. Nd3 Nd5 32. Nxd5 Rxd5 33.
Re1 Bb5 34. Re3 Kh6 35. Kc1 f6 36. Nf4 Rd4 37. g3 Rd6 38. Re6 Rxe6 39. Nxe6 g5
40. Kd2 Kg6 41. Nd4 Bd7 42. c4 f5 43. hxg5 Kxg5 44. Ke3 Bc8 45. b4 Bd7 46. b5
axb5 47. cxb5 Be8 48. a4 Bf7 49. b6 Bd5 50. a5 Bc4 51. Nc2 Be6 52. a6 1-0

[Event "Landesklasse Ost 2012/2013"]
[Site "?"]
[Date "2012.09.23"]
[Round "1"]
[White "Hercher, Ralf"]
[Black "Wiedemann, Volker"]
[Result "1/2-1/2"]
[WhiteElo "1737"]
[BlackElo "1817"]
[PlyCount "73"]
[EventDate "2012.??.??"]
[WhiteTeam "Meuselwitzer SV"]
[BlackTeam "TSV Zeulenroda"]

1. d4 Nf6 2. c4 e6 3. Nc3 d5 4. Bg5 Nbd7 5. e3 Be7 6. Nf3 O-O 7. Rc1 a6 8. Bd3
dxc4 9. Bxc4 b5 10. Bd3 Bb7 11. O-O c5 12. Bb1 Rc8 13. Qe2 Nd5 14. Bxe7 Qxe7
15. Qd3 g6 16. e4 Nb4 17. Qe3 cxd4 18. Nxd4 Rfd8 19. a3 Nc6 20. Nxc6 Rxc6 21.
Qg3 Nb6 22. Ba2 Rd2 23. Rb1 Rcd6 24. Rfd1 Qd8 25. Re1 R6d3 26. Qe5 Nd7 27. Qf4
g5 28. Qg4 Ne5 29. Qh5 Qf6 30. Re2 g4 31. Kf1 Qf4 32. Rxd2 Rxd2 33. Qh4 Nd3 34.
Ne2 Qxe4 35. Qg5+ Kf8 36. Qd8+ Kg7 37. Qg5+ 1/2-1/2

[Event "Landesklasse Ost 2012/2013"]
[Site "?"]
[Date "2012.09.23"]
[Round "1"]
[White "Prütting, Marcus"]
[Black "Naundorf, Johannes"]
[Result "0-1"]
[WhiteElo "1329"]
[BlackElo "1513"]
[PlyCount "36"]
[EventDate "2012.??.??"]
[WhiteTeam "TSV Zeulenroda"]
[BlackTeam "Meuselwitzer SV"]

1. e4 Nf6 2. Nc3 d5 3. f3 e5 4. d3 Bb4 5. Bd2 d4 6. Nb1 Bd6 7. c3 c5 8. Bg5 h6
9. Bh4 Be7 10. Bg3 Bd6 11. Nd2 Nbd7 12. Nc4 Bc7 13. Qb3 a6 14. a4 O-O 15. Ne2
Re8 16. h3 Nb6 17. f4 Nxc4 18. Qxc4 Be6 0-1

[Event "Landesklasse Ost 2012/2013"]
[Site "?"]
[Date "2012.09.23"]
[Round "1"]
[White "Kohl, Torsten"]
[Black "Teichmann, Mario"]
[Result "1-0"]
[WhiteElo "1691"]
[BlackElo "1430"]
[PlyCount "37"]
[EventDate "2012.??.??"]
[WhiteTeam "Meuselwitzer SV"]
[BlackTeam "TSV Zeulenroda"]

1. c4 e5 2. Nc3 Nf6 3. g3 Nc6 4. Bg2 Be7 5. d3 O-O 6. Nf3 d6 7. O-O a6 8. a3
Rb8 9. b4 b5 10. Nd2 Bd7 11. Nb3 Qc8 12. Bb2 h6 13. Rc1 Nh7 14. cxb5 axb5 15.
Nxb5 Rxb5 16. Bxc6 Bxc6 17. Rxc6 f5 18. Qc2 Bd8 19. Qc4+ 1-0

[Event "Landesklasse Ost 2012/2013"]
[Site "?"]
[Date "2012.09.23"]
[Round "1"]
[White "Jank, Kevin"]
[Black "Mysliwiec, Jörg"]
[Result "0-1"]
[WhiteElo "1579"]
[BlackElo "2012"]
[PlyCount "54"]
[EventDate "2012.??.??"]
[WhiteTeam "SG Arnstadt-Stadtilm"]
[BlackTeam "SSV Vimaria 91 Weimar"]

1. e4 c6 2. d4 d5 3. exd5 cxd5 4. Bd3 Nc6 5. c3 Nf6 6. h3 g6 7. Nf3 Qc7 8. O-O
Bf5 9. Bxf5 gxf5 10. Bg5 Ne4 11. Nbd2 Rg8 12. Bh4 Bh6 13. Nxe4 fxe4 14. Ne1
O-O-O 15. Qh5 Rg6 16. Bg3 Qd7 17. b4 f5 18. Kh1 Rdg8 19. Rd1 e6 20. Bh2 Qg7 21.
g3 f4 22. Qe2 Bg5 23. Nc2 f3 24. Qb5 Qh6 25. h4 Bxh4 26. gxh4 Qxh4 27. Qc5
Qxh2+ 0-1

[Event "Landesklasse Ost 2012/2013"]
[Site "?"]
[Date "2012.09.23"]
[Round "1"]
[White "Rensch, Toralf"]
[Black "Habl, Klaus"]
[Result "1-0"]
[WhiteElo "1977"]
[BlackElo "1671"]
[PlyCount "45"]
[EventDate "2012.??.??"]
[WhiteTeam "SSV Vimaria 91 Weimar"]
[BlackTeam "SG Arnstadt-Stadtilm"]

1. e4 c5 2. Nf3 d6 3. d4 cxd4 4. Nxd4 Nf6 5. Nc3 a6 6. Be2 e6 7. O-O Be7 8. Be3
Qc7 9. f4 b5 10. Bf3 Bb7 11. f5 e5 12. Nb3 b4 13. Nd5 Nxd5 14. exd5 Nd7 15. Rc1
a5 16. c4 O-O 17. c5 a4 18. cxd6 Qxd6 19. Nc5 Ba6 20. Nxa6 Qxa6 21. d6 Qxd6 22.
Qxd6 Bxd6 23. Bxa8 1-0

[Event "Landesklasse Ost 2012/2013"]
[Site "?"]
[Date "2012.09.23"]
[Round "1"]
[White "Scheller, Thomas"]
[Black "Weiß, Thomas"]
[Result "0-1"]
[WhiteElo "1604"]
[BlackElo "1912"]
[PlyCount "66"]
[EventDate "2012.??.??"]
[WhiteTeam "SG Arnstadt-Stadtilm"]
[BlackTeam "SSV Vimaria 91 Weimar"]

1. d4 e6 2. g3 Nf6 3. Bg2 c5 4. c3 Nc6 5. Nf3 Be7 6. O-O O-O 7. Re1 d5 8. Nbd2
cxd4 9. cxd4 Qb6 10. e3 Bd7 11. a3 Rac8 12. Bf1 Na5 13. Ne5 Bb5 14. b4 Nc4 15.
Nd3 Nxd2 16. Bxd2 Rc7 17. Nc5 Bxf1 18. Rxf1 Rfc8 19. Rc1 Qb5 20. a4 Qe8 21. Qb3
b6 22. Nd3 Ne4 23. Qa2 Nxd2 24. Qxd2 Qxa4 25. Rxc7 Rxc7 26. Rc1 Rxc1+ 27. Qxc1
Bxb4 28. Nxb4 Qxb4 29. Qc8+ Qf8 30. Qb7 a5 31. Qxb6 a4 32. Qa5 Qe8 33. Qb4 Qa8
0-1

[Event "Landesklasse Ost 2012/2013"]
[Site "?"]
[Date "2012.09.23"]
[Round "1"]
[White "Vogel, Steffen"]
[Black "Pecher, Peter"]
[Result "1-0"]
[WhiteElo "1834"]
[BlackElo "1378"]
[PlyCount "65"]
[EventDate "2012.??.??"]
[WhiteTeam "SSV Vimaria 91 Weimar"]
[BlackTeam "SG Arnstadt-Stadtilm"]

1. d4 Nf6 2. c4 d6 3. Nc3 g6 4. e4 Bg7 5. h3 Nbd7 6. Nf3 c5 7. d5 a6 8. Bg5 O-O
9. Be2 Re8 10. O-O Qc7 11. Qc2 e5 12. dxe6 Rxe6 13. Rad1 b6 14. Bf4 Bb7 15. Ng5
Ne5 16. Nxe6 fxe6 17. Rd2 Rd8 18. Rfd1 Ne8 19. Bh2 Rd7 20. f4 Nc6 21. Bg4 Bd4+
22. Kh1 Re7 23. a3 Nf6 24. Bf3 h5 25. e5 dxe5 26. Qxg6+ Rg7 27. Qxf6 Nd8 28.
Bxb7 Qxb7 29. Qxd8+ Kh7 30. Qh4 Kh6 31. fxe5 Rg6 32. Rf1 Be3 33. Bf4+ 1-0

[Event "Landesklasse Ost 2012/2013"]
[Site "?"]
[Date "2012.09.23"]
[Round "1"]
[White "Maaz, Ernst"]
[Black "Gebuhr, Günter"]
[Result "1/2-1/2"]
[WhiteElo "1867"]
[BlackElo "1775"]
[PlyCount "120"]
[EventDate "2012.??.??"]
[WhiteTeam "SG Arnstadt-Stadtilm"]
[BlackTeam "SSV Vimaria 91 Weimar"]

1. d4 Nf6 2. e3 e6 3. Nd2 c5 4. c3 cxd4 5. exd4 b6 6. Be2 Bb7 7. Bf3 Bxf3 8.
Ngxf3 Nc6 9. O-O Be7 10. Re1 O-O 11. Ne4 d5 12. Nxf6+ Bxf6 13. Bf4 Rc8 14. Ne5
Nxe5 15. Bxe5 Bxe5 16. Rxe5 Qc7 17. h4 Qe7 18. Qg4 f5 19. Qg5 Qxg5 20. hxg5 Rc6
21. Rae1 Kf7 22. f4 h6 23. gxh6 gxh6 24. Kf2 Rg8 25. Rh1 Rg6 26. Re3 Rc8 27.
Rg3 Rcg8 28. Rxg6 Rxg6 29. Kf3 Kg7 30. b3 Rf6 31. c4 dxc4 32. bxc4 Rf7 33. c5
Rc7 34. Rc1 bxc5 35. Rxc5 Rb7 36. Rc6 Re7 37. Ke3 Kf7 38. Kd3 Rd7 39. Kc4 Kf6
40. a4 a5 41. Ra6 Rd5 42. g3 h5 43. Ra7 Kg6 44. Ra6 Kf6 45. Rb6 Rd8 46. Rb5
Rc8+ 47. Rc5 Rg8 48. Rxa5 Rxg3 49. d5 exd5+ 50. Rxd5 Rf3 51. Rd4 h4 52. a5 h3
53. a6 h2 54. Rd1 Rxf4+ 55. Kb5 Rh4 56. a7 Rh8 57. Rh1 Kg5 58. Rxh2 Ra8 59. Kb6
Kg4 60. Kb7 Rxa7+ 1/2-1/2

[Event "Landesklasse Ost 2012/2013"]
[Site "?"]
[Date "2012.09.23"]
[Round "1"]
[White "Mitter, Frank"]
[Black "Meng, Hans"]
[Result "1-0"]
[WhiteElo "1770"]
[BlackElo "1143"]
[PlyCount "57"]
[EventDate "2012.??.??"]
[WhiteTeam "SSV Vimaria 91 Weimar"]
[BlackTeam "SG Arnstadt-Stadtilm"]

1. d4 d5 2. c4 Nc6 3. cxd5 Qxd5 4. e3 Bf5 5. Nc3 Qa5 6. Bd2 e5 7. d5 Nb4 8. e4
Bd7 9. Nf3 Bd6 10. a3 Na6 11. b4 Qb6 12. Be3 c5 13. dxc6 Qxc6 14. Nb5 Bb8 15.
Rc1 Qg6 16. Be2 Qxg2 17. Rg1 Qh3 18. Rxg7 Nf6 19. Rxf7 Nxe4 20. Rg7 h6 21. Qd5
Nc7 22. Nxc7+ Bxc7 23. Rxc7 Nf6 24. Qxe5+ Kd8 25. Rxb7 Rf8 26. Rb8+ Rxb8 27.
Qxb8+ Bc8 28. Qc7+ Ke8 29. Qe7# 1-0